000 00887nam a2200265Ia 4500
003 OSt
005 20221005105557.0
006 a|||||r|||| 00| 0
007 ta
008 221004b |||||||| |||| 00| 0 hin d
020 _a9788171197392 (hbk)
_cINR 195.00
024 _a29609
037 _b282, 03/03/2017, Eastern Book Linkers
_cTextual
040 _aCRL
_cCRL
_bhin
041 _2hin
_ahin
082 _aO152,3N36,NI, P2
100 _aदूधनाथ सिंह
245 0 _aनिष्कासन
246 _aNiṣhkāsana
260 _aनई दिल्ली
_bराधाकृष्ण भारत
_c2002
300 _a143पृ0
_ccm.
650 _aहिन्दी कहानी
942 _hO152,3N36,NI, P2
_cTEXL
_2cc
999 _c1016231
_d1016231